LEADER 01179nam a2200301 u 4500 001 000000032176 003 CaOOAMICUS 005 20150722150652.0 008 971014s1983 it u000 u ita u 035 $a10772804 040 $aPUL(R)$bita 100 1 $aFusco, Vittorio.$0(OLS)http://pul/name/12733 245 10$aOltre la parabola :$bintroduzione alle parabole di Gesù /$cVittorio Fusco. 260 $aRoma :$bBorla,$c1983. 300 $a202 p.$c21 cm 490 1 $aKyrios 500 $aInclude indici. 504 $aBibliografia in nota. 830 0$aKyrios.$0(OLS)http://pul/title/44335 850 $aPUL 852 $aPUL$W1$xSL Religione 1$y3$m8(1) B 12$j44425$nBK-PRI$b $qStampati$B44425$CPULBib$Z2$F44425 $H $81 852 $aPUL$W1$xDP1 Fondo S. Lanza$y121$m3 M 12$j167835$qFondi$q $B168394$CPULBib$Z2$F168394 $HLAN1552 $81 941 1 $a8 941 1 $a1 961 $aINV: 51174 961 $aNota ms. di possesso: Sergio Lanza 996 $6245$aOltre la parabola :$bintroduzione alle parabole di Gesù$9(OLS)http://pul/title/44336 996 $6260$aRoma :$bBorla$9(OLS)http://pul/publisher/48061 LEADER 01473nam a2200361 a 4500 001 000000058226 003 CaOOAMICUS 005 20130510102709.0 008 010529s1979 it u000 u ita r 035 $a10890749 040 $aPUL$bita 041 1 $aita$hfre 100 1 $aMarrou, Henri-Irénée,$d1904-1977.$0(OLS)http://pul/name/4176 240 10$aThéologie de l'histoire.$lItaliano.$0(OLS)http://pul/title/9030 245 10$aTeologia della storia /$cHenri-Irénée Marrou. 250 $a2. ed. 260 $aMilano :$bJaca Book,$c1979. 300 $a161 p. ;$c23 cm 490 1 $aGià e non ancora ;$v46 504 $aBibliografia in nota. 650 4$aTeologia e storia.$0(OLS)http://pul/subject/17415 830 0$aGià e non ancora ;$v46.$0(OLS)http://pul/title/129 850 $aPUL 852 $aPUL$W1$xSL Religione 1$y3$m58 D 25$j76083$nBK-PRI$b $qStampati$B76083$CPULBib$Z2$F76083 $H $81 852 $aPUL$W1$xDP1 Fondo E. Rossi$y115$m1 M 27$j153912$qFondi$B153486$CPULBib$Z2$F153486 $82 852 $aPUL$W1$xDP1 Fondo Bordoni$y120$m3 F 77$j166965$qFondi$B175799$CPULBib$Z2$F175799 $HBor773 $81 941 1 $a1 941 1 $a8 961 $aINV: 49632 961 $aSul dorso collocazione ms. di E. Rossi: M 24 996 $6245$aTeologia della storia$9(OLS)http://pul/title/77984 996 $6260$aMilano :$bJaca Book$9(OLS)http://pul/publisher/47900